[Event "Milan Befana op-B"]
[Site "Milan"]
[Date "2014.01.06"]
[Round "7"]
[White "Pedroni, Marco"]
[Black "Corti, Filippo"]
[Result "1/2-1/2"]
[WhiteElo "1850"]
[BlackElo "1599"]
[PlyCount "184"]
[EventDate "2014.01.02"]
[EventType "swiss"]
[EventRounds "7"]
[EventCountry "ITA"]
[SourceTitle "EXT 2015"]
[Source "ChessBase"]
[SourceDate "2014.11.20"]
[SourceVersion "1"]
[SourceVersionDate "2014.11.20"]
[SourceQuality "1"]

1. e4 c6 2. d4 d5 3. Nc3 dxe4 4. Nxe4 Bf5 5. Ng3 Bg6 6. Nf3 Nd7 7. Bd3 Bxd3 8. Qxd3 Qc7 9. Be3 e6 10. 0-0-0 Ngf6 11. Kb1 0-0-0 12. Ng5 Nb6 13. N3e4 Nfd5 14. Qe2 h6 15. Nh3 f5 16. Nc5 Bxc5 17. dxc5 Na4 18. Qc4 b5 19. cxb6 Naxb6 20. Qa6+ Qb7 21. Qxb7+ Kxb7 22. Bd4 Rhg8 23. Kc1 Rde8 24. Rhe1 Nd7 25. c4 N5b6 26. Bc3 Kc7 27. Ba5 Kb7 28. b3 e5 29. Rd2 e4 30. Bc3 g5 31. Rde2 Nc5 32. Kc2 Nd3 33. Rf1 f4 34. Ng1 g4 35. f3 gxf3 36. gxf3 Nc5 37. fxe4 Nxe4 38. Nh3 Nxc3 39. Rxe8 Rxe8 40. Rxf4 Nxa2 41. Rf2 c5 42. Rd2 Nb4+ 43. Kb2 a5 44. Nf4 a4 45. Nd5 N6xd5 46. cxd5 Kc7 47. bxa4 Rd8 48. Rg2 Rxd5 49. Kc3 Kc6 50. Rg6+ Rd6 51. Rg2 Rd3+ 52. Kc4 Rd4+ 53. Kb3 h5 54. Rg6+ Rd6 55. Rg5 h4 56. Kc4 Rd4+ 57. Kb3 Kb6 58. Rg8 Nc6 59. Rg6 Kc7 60. Rg7+ Rd7 61. Rg5 Kb6 62. Rg6 Kc7 63. Rg5 Kb6 64. Rg6 Rd3+ 65. Kc4 Rd4+ 66. Kb3 Kc7 67. Rg7+ Kd6 68. Rg6+ Kd5 69. Rg5+ Ne5 70. a5 Rb4+ 71. Ka3 Rb7 72. Rh5 Ra7 73. Rxh4 Rxa5+ 74. Kb3 c4+ 75. Kb4 Nc6+ 76. Kc3 Ra3+ 77. Kb2 Rb3+ 78. Kc1 Nd4 79. Rh8 Ke4 80. Rh4+ Kd5 81. Rh5+ Ke4 82. Rh4+ Kd3 83. Rh3+ Ke2 84. Rxb3 Nxb3+ 85. Kc2 Na5 86. h4 Nc6 87. h5 Ne7 88. h6 Ng6 89. Kc3 Kf3 90. Kxc4 Ke4 91. Kc5 Ke5 92. Kc6 Ke6 1/2-1/2

[Event "Milan Befana op-B"]
[Site "Milan"]
[Date "2014.01.05"]
[Round "5"]
[White "Marchioro, Luigi"]
[Black "Corti, Filippo"]
[Result "1/2-1/2"]
[WhiteElo "1872"]
[BlackElo "1599"]
[PlyCount "32"]
[EventDate "2014.01.02"]
[EventType "swiss"]
[EventRounds "7"]
[EventCountry "ITA"]
[SourceTitle "EXT 2015"]
[Source "ChessBase"]
[SourceDate "2014.11.20"]
[SourceVersion "1"]
[SourceVersionDate "2014.11.20"]
[SourceQuality "1"]

1. e4 c6 2. d4 d5 3. e5 Bf5 4. Nf3 e6 5. Be2 c5 6. Be3 Qb6 7. Nc3 Nd7 8. Bb5 Rc8 9. 0-0 Qc7 10. dxc5 Bxc5 11. Bxc5 Qxc5 12. Nd4 Ne7 13. Bxd7+ Kxd7 14. Ncb5 Bxc2 15. Qd2 Bg6 16. Nd6 Rb8 1/2-1/2

[Event "Milan Befana op-B"]
[Site "Milan"]
[Date "2014.01.04"]
[Round "3"]
[White "Corti, Filippo"]
[Black "Alidosi, Marco"]
[Result "1-0"]
[WhiteElo "1599"]
[BlackElo "1775"]
[PlyCount "77"]
[EventDate "2014.01.02"]
[EventType "swiss"]
[EventRounds "7"]
[EventCountry "ITA"]
[SourceTitle "EXT 2015"]
[Source "ChessBase"]
[SourceDate "2014.11.20"]
[SourceVersion "1"]
[SourceVersionDate "2014.11.20"]
[SourceQuality "1"]

1. Nf3 Nf6 2. g3 g6 3. Bg2 Bg7 4. d3 d6 5. 0-0 0-0 6. e4 e5 7. Nc3 c6 8. h3 h6 9. Be3 Be6 10. Qd2 Kh7 11. Rad1 c5 12. Ne2 Nc6 13. c4 Qd7 14. Kh2 Ng8 15. Nc3 f5 16. Nd5 Bxd5 17. exd5 Nce7 18. Ng1 Nf6 19. f4 exf4 20. Bxf4 Nh5 21. Be3 Rae8 22. Rde1 g5 23. Bf3 Nf6 24. Bf2 Ng6 25. Bd1 b6 26. Nf3 Kh8 27. Bc2 g4 28. Nh4 Nxh4 29. gxh4 gxh3 30. Qf4 Ng4+ 31. Kxh3 Nxf2+ 32. Qxf2 Be5 33. Qd2 f4+ 34. Kh2 f3+ 35. Rxe5 Rxe5 36. Qxh6+ Qh7 37. Qxf8+ Qg8 38. Qxg8+ Kxg8 39. Bd1 1-0

[Event "Villa Guardia D Oro Cup 31st"]
[Site "Villa Guardia"]
[Date "2013.11.03"]
[Round "6"]
[White "Corti, Filippo"]
[Black "Rossi, Giampiero"]
[Result "0-1"]
[WhiteElo "1607"]
[BlackElo "1905"]
[PlyCount "36"]
[EventDate "2013.11.01"]
[EventType "swiss"]
[EventRounds "6"]
[EventCountry "ITA"]
[SourceTitle "EXT 2015"]
[Source "ChessBase"]
[SourceDate "2014.11.20"]
[SourceVersion "1"]
[SourceVersionDate "2014.11.20"]
[SourceQuality "1"]

1. e4 c5 2. Nc3 e6 3. g3 Nc6 4. Bg2 g6 5. Nge2 Bg7 6. 0-0 Nge7 7. d3 0-0 8. Be3 d6 9. Qd2 Rb8 10. Bh6 Bxh6 11. Qxh6 f6 12. h4 Kh8 13. Rad1 e5 14. f4 Ng8 15. Qxf8 Qxf8 16. fxe5 dxe5 17. Nd5 Bg4 18. Rd2 Qh6 0-1

[Event "Villa Guardia D Oro Cup 31st"]
[Site "Villa Guardia"]
[Date "2013.11.01"]
[Round "1"]
[White "Cairoli, Fabio"]
[Black "Corti, Filippo"]
[Result "0-1"]
[WhiteElo "1383"]
[BlackElo "1607"]
[PlyCount "97"]
[EventDate "2013.11.01"]
[EventType "swiss"]
[EventRounds "6"]
[EventCountry "ITA"]
[SourceTitle "EXT 2015"]
[Source "ChessBase"]
[SourceDate "2014.11.20"]
[SourceVersion "1"]
[SourceVersionDate "2014.11.20"]
[SourceQuality "1"]

1. d4 Nf6 2. Bg5 g6 3. Nf3 Bg7 4. Nbd2 d5 5. e3 b6 6. Be2 Bb7 7. 0-0 0-0 8. c4 Nbd7 9. Rc1 Ne4 10. Nb3 Nxg5 11. Nxg5 e5 12. Nf3 e4 13. Nfd2 c5 14. cxd5 cxd4 15. exd4 Bxd5 16. Bc4 Bxc4 17. Nxc4 Nf6 18. Ne3 Rc8 19. Qd2 Bh6 20. Qe2 Qd7 21. Rfd1 Nd5 22. Rxc8 Rxc8 23. Ng4 Bg7 24. Qxe4 f5 25. Ne5 Qe6 26. Qe2 Nb4 27. a3 Qxb3 28. axb4 Qxb4 29. d5 Qd6 30. f4 Bf8 31. Nc4 Qc5+ 32. Ne3 Re8 33. Rd3 Qc1+ 34. Kf2 Bc5 35. Kf3 Rxe3+ 36. Rxe3 Qxe3+ 37. Qxe3 Bxe3 38. Kxe3 Kf7 39. Kd4 Ke7 40. h3 Kd6 41. g4 b5 42. gxf5 gxf5 43. h4 a5 44. h5 h6 45. b3 a4 46. bxa4 bxa4 47. Kc4 a3 48. Kb3 Kxd5 49. Kxa3 0-1

[Event "Ceriano Laghetto op-B 22nd"]
[Site "Ceriano Laghetto"]
[Date "2013.03.03"]
[Round "4"]
[White "Giovarruscio, Gabriele"]
[Black "Corti, Filippo"]
[Result "0-1"]
[WhiteElo "1747"]
[BlackElo "1634"]
[PlyCount "134"]
[EventDate "2013.03.01"]
[EventType "swiss"]
[EventRounds "5"]
[EventCountry "ITA"]
[SourceTitle "EXT 2024"]
[Source "ChessBase"]
[SourceDate "2023.10.10"]
[SourceVersion "1"]
[SourceVersionDate "2023.10.10"]
[SourceQuality "1"]

1. d4 Nf6 2. c4 g6 3. g3 Bg7 4. Bg2 d6 5. Nf3 0-0 6. 0-0 Nbd7 7. Nc3 e5 8. e4 Re8 9. Re1 exd4 10. Nxd4 Rb8 11. f3 a6 12. Be3 Ne5 13. b3 Bd7 14. Qd2 b5 15. cxb5 axb5 16. Bg5 b4 17. Nd5 c5 18. Ne2 Be6 19. Nef4 Nxe4 20. Nxe6 Nxd2 21. Nxd8 Ndxf3+ 22. Bxf3 Nxf3+ 23. Kf2 Nxe1 24. Rxe1 Bd4+ 25. Kf1 Rbxd8 26. Bxd8 Rxd8 27. Re2 Kf8 28. Rd2 Re8 29. Rd3 Re6 30. Nxb4 Rf6+ 31. Ke2 Rf2+ 32. Ke1 Rxh2 33. Nc6 Rxa2 34. Nxd4 cxd4 35. Rxd4 Ke7 36. b4 Rb2 37. Kf1 h5 38. Kg1 Ke6 39. Kf1 g5 40. Re4+ Kf5 41. Re7 Kf6 42. Rb7 h4 43. g4 d5 44. b5 d4 45. b6 d3 46. Rd7 Rxb6 47. Rxd3 Rb4 48. Rd6+ Ke5 49. Rd7 Ke6 50. Rd8 Rxg4 51. Rh8 f5 52. Re8+ Kf7 53. Re5 Kf6 54. Re8 h3 55. Re2 Rh4 56. Kg1 Re4 57. Rf2 g4 58. Kh2 f4 59. Ra2 Kf5 60. Ra5+ Re5 61. Ra2 Kg5 62. Kh1 g3 63. Ra1 f3 64. Rg1 Kh4 65. Ra1 Re4 66. Rb1 g2+ 67. Kg1 Kg3 0-1

[Event "Como Province-ch"]
[Site "Villa Guardia"]
[Date "2013.01.20"]
[Round "2"]
[White "Cairoli, Fabio"]
[Black "Corti, Filippo"]
[Result "1/2-1/2"]
[WhiteElo "1386"]
[BlackElo "1630"]
[PlyCount "141"]
[EventDate "2013.01.19"]
[EventType "swiss"]
[EventRounds "6"]
[EventCountry "ITA"]
[SourceTitle "EXT 2014"]
[Source "ChessBase"]
[SourceDate "2013.11.20"]
[SourceVersion "1"]
[SourceVersionDate "2013.11.20"]
[SourceQuality "1"]

1. d4 Nf6 2. Nf3 g6 3. Bg5 Bg7 4. e3 d6 5. Be2 Nbd7 6. c4 b6 7. Nc3 Bb7 8. 0-0 0-0 9. Rb1 h6 10. Bh4 Ne4 11. Nd5 Ndf6 12. Nxf6+ Nxf6 13. d5 Qd7 14. Nd4 e5 15. Nb5 a6 16. Nc3 Rae8 17. e4 Bc8 18. h3 g5 19. Bg3 g4 20. hxg4 Nxg4 21. Bxg4 Qxg4 22. Qxg4 Bxg4 23. b4 f5 24. f3 Bh5 25. Bh4 Bf6 26. Bxf6 Rxf6 27. exf5 Rff8 28. g4 Bf7 29. Ne4 Kg7 30. Rf2 Rh8 31. Rg2 Reg8 32. Kf2 Kf8 33. Rbg1 Ke7 34. f6+ Kd7 35. g5 Rg6 36. gxh6 Rhxh6 37. Rxg6 Rxg6 38. Rxg6 Bxg6 39. Ke3 Ke8 40. Ng5 Bb1 41. a3 Ba2 42. Kd3 Bb1+ 43. Kc3 Bf5 44. Ne6 Kf7 45. Nxc7 Bc8 46. b5 a5 47. Na8 Kxf6 48. Nxb6 Bb7 49. Nd7+ Kf5 50. Kd3 Kf4 51. Ke2 e4 52. fxe4 Kxe4 53. Kd2 Kd4 54. Nb6 Kc5 55. Nd7+ Kxc4 56. b6 Kxd5 57. Kc3 Kc6 58. Kc4 Kxd7 59. Kb5 d5 60. Kxa5 d4 61. Kb4 d3 62. Kc3 Ba6 63. a4 Kc6 64. a5 Kb7 65. Kd2 Kc6 66. Kc3 Kb7 67. Kd2 Bb5 68. Kc3 Ka6 69. Kd2 Kb7 70. Kc3 Kc6 71. Kd2 1/2-1/2

[Event "Como Province-ch"]
[Site "Villa Guardia"]
[Date "2013.01.20"]
[Round "4"]
[White "Primerano, Carlo"]
[Black "Corti, Filippo"]
[Result "1/2-1/2"]
[WhiteElo "1784"]
[BlackElo "1630"]
[PlyCount "44"]
[EventDate "2013.01.19"]
[EventType "swiss"]
[EventRounds "6"]
[EventCountry "ITA"]
[SourceTitle "EXT 2014"]
[Source "ChessBase"]
[SourceDate "2013.11.20"]
[SourceVersion "1"]
[SourceVersionDate "2013.11.20"]
[SourceQuality "1"]

1. d4 Nf6 2. c4 g6 3. Nc3 Bg7 4. e4 d6 5. h3 c5 6. d5 0-0 7. Nf3 b5 8. cxb5 a6 9. bxa6 Bxa6 10. Qc2 Bxf1 11. Kxf1 Na6 12. g3 Nb4 13. Qe2 Qb6 14. a3 Rfb8 15. Rb1 Na6 16. Kg2 Nd7 17. Bd2 Qb3 18. Qd1 Qxd1 19. Nxd1 Nc7 20. Nc3 Rb3 21. Rhd1 Rab8 22. Na4 Ra8 1/2-1/2

[Event "Milan Crespi op-C 33rd"]
[Site "Milan"]
[Date "2012.12.09"]
[Round "6"]
[White "Corti, Filippo"]
[Black "Condorelli, Roberto"]
[Result "0-1"]
[WhiteElo "1649"]
[BlackElo "1725"]
[PlyCount "68"]
[EventDate "2012.12.05"]
[EventType "swiss"]
[EventRounds "7"]
[EventCountry "ITA"]
[SourceTitle "EXT 2024"]
[Source "ChessBase"]
[SourceDate "2023.10.10"]
[SourceVersion "1"]
[SourceVersionDate "2023.10.10"]
[SourceQuality "1"]

1. Nf3 Nf6 2. g3 d5 3. Bg2 c6 4. d3 Bg4 5. Ne5 Bh5 6. 0-0 Nbd7 7. Nxd7 Qxd7 8. c4 dxc4 9. d4 Rd8 10. Nc3 Qxd4 11. Qxd4 Rxd4 12. Be3 e5 13. Bxd4 exd4 14. Ne4 Nxe4 15. Bxe4 Be7 16. f3 Bg5 17. f4 Bf6 18. Bf5 Bg6 19. Bxg6 hxg6 20. Rac1 b5 21. Kg2 0-0 22. Rf3 Rd8 23. Ra3 d3 24. Rxa7 Bxb2 25. Rd1 d2 26. Rc7 Rd6 27. e4 c3 28. e5 Re6 29. Rd7 c2 30. R1xd2 c1Q 31. Rd8+ Kh7 32. R2d7 Qc2+ 33. Kh3 Qf5+ 34. Kg2 Re8 0-1

[Event "Milan Crespi op-C 33rd"]
[Site "Milan"]
[Date "2012.12.08"]
[Round "4"]
[White "Corti, Filippo"]
[Black "Brambilla, Luca Massimo"]
[Result "0-1"]
[WhiteElo "1649"]
[BlackElo "1692"]
[PlyCount "76"]
[EventDate "2012.12.05"]
[EventType "swiss"]
[EventRounds "7"]
[EventCountry "ITA"]
[SourceTitle "EXT 2024"]
[Source "ChessBase"]
[SourceDate "2023.10.10"]
[SourceVersion "1"]
[SourceVersionDate "2023.10.10"]
[SourceQuality "1"]

1. Nf3 Nf6 2. g3 d5 3. Bg2 c5 4. d3 Nc6 5. Nbd2 e5 6. 0-0 Be7 7. e4 Be6 8. Re1 d4 9. Ng5 Bg4 10. f3 Bd7 11. Nc4 b5 12. Nd2 h6 13. Nh3 Qc8 14. Nf2 g5 15. Nf1 Bd6 16. c3 Be6 17. a4 Rb8 18. axb5 Rxb5 19. c4 Rb6 20. Qa4 Bd7 21. Qd1 Ke7 22. f4 gxf4 23. gxf4 Qg8 24. fxe5 Bxe5 25. Ng3 Bxg3 26. hxg3 Qxg3 27. Qf3 Qxf3 28. Bxf3 Ne5 29. Bg2 Rg8 30. Kf1 a6 31. Bxh6 Nfg4 32. Bf4 Nxf2 33. Bxe5 Nxd3 34. Bc7 Rxb2 35. Re2 Rxg2 36. Rxg2 Bh3 37. Ra3 Rf2+ 38. Kg1 Rxg2+ 0-1

[Event "Milan Crespi op-C 33rd"]
[Site "Milan"]
[Date "2012.12.07"]
[Round "3"]
[White "Rosini, Luca Ungaro"]
[Black "Corti, Filippo"]
[Result "0-1"]
[WhiteElo "1392"]
[BlackElo "1649"]
[PlyCount "116"]
[EventDate "2012.12.05"]
[EventType "swiss"]
[EventRounds "7"]
[EventCountry "ITA"]
[SourceTitle "EXT 2024"]
[Source "ChessBase"]
[SourceDate "2023.10.10"]
[SourceVersion "1"]
[SourceVersionDate "2023.10.10"]
[SourceQuality "1"]

1. d4 Nf6 2. c4 g6 3. Nc3 Bg7 4. e4 d6 5. Bg5 h6 6. Bh4 c5 7. d5 Qa5 8. f3 Bd7 9. Bd3 Na6 10. a3 Nc7 11. a4 Na6 12. Nge2 Nb4 13. 0-0 0-0 14. Be1 a6 15. Na2 Qb6 16. Nxb4 cxb4+ 17. Bf2 Qa5 18. b3 Rac8 19. Qd2 Ne8 20. Bd4 Bxd4+ 21. Nxd4 Qb6 22. Kh1 Qxd4 23. Rfe1 Ng7 24. Rad1 Kh7 25. Qxb4 Qa7 26. e5 Bf5 27. exd6 exd6 28. Qxd6 Bxd3 29. Rxd3 Nf5 30. Qd7 Rcd8 31. Qc7 Qf2 32. Rdd1 Ne3 33. Rg1 Nxd1 34. Rxd1 Rde8 35. Qa5 Re2 36. Rg1 Rfe8 37. Qc7 R8e7 38. Qg3 Qxg3 39. hxg3 Re1 40. d6 Rxg1+ 41. Kxg1 Rd7 42. c5 Kg7 43. Kf2 Kf6 44. Ke3 Ke5 45. Kd3 Kd5 46. b4 a5 47. Kc3 axb4+ 48. Kxb4 Kc6 49. a5 f5 50. Kc4 g5 51. f4 g4 52. Kd4 Rg7 53. Ke5 Kxc5 54. Ke6 Rg8 55. Ke7 Ra8 56. d7 Kb5 57. Ke6 Kxa5 58. Kxf5 b5 0-1

[Event "Villa Guardia D Oro Cup 30th"]
[Site "Villa Guardia"]
[Date "2012.11.01"]
[Round "2"]
[White "Corti, Filippo"]
[Black "Bernocchi, Luca"]
[Result "1-0"]
[WhiteElo "1657"]
[BlackElo "1437"]
[PlyCount "76"]
[EventDate "2012.11.01"]
[EventType "swiss"]
[EventRounds "6"]
[EventCountry "ITA"]
[SourceTitle "EXT 2014"]
[Source "ChessBase"]
[SourceDate "2013.11.20"]
[SourceVersion "1"]
[SourceVersionDate "2013.11.20"]
[SourceQuality "1"]

1. Nf3 Nc6 2. g3 e5 3. d3 d5 4. Bg2 Nf6 5. 0-0 Bc5 6. c3 0-0 7. b4 Bb6 8. b5 Ne7 9. Nxe5 Ng6 10. Nxg6 hxg6 11. a4 d4 12. Ba3 Re8 13. c4 c6 14. bxc6 bxc6 15. Bxc6 Bh3 16. Bxe8 Bxf1 17. Bxf7+ Kxf7 18. Qxf1 Qd7 19. Qg2 Re8 20. c5 Ba5 21. c6 Qe6 22. Kf1 Qxe2+ 23. Kg1 Qe1+ 24. Qf1 Bc3 25. Nxc3 Qxc3 26. Qb1 Qxc6 27. Qb3+ Re6 28. Re1 Nd5 29. Rxe6 Qxe6 30. Qc4 Qe5 31. Bb2 Qe1+ 32. Kg2 Qe5 33. Qxd4 Qxd4 34. Bxd4 a6 35. Kf3 Ke6 36. Bxg7 Nb6 37. a5 Nd7 38. Bd4 Kf5 1-0

[Event "Villa Guardia D Oro Cup 30th"]
[Site "Villa Guardia"]
[Date "2012.11.01"]
[Round "1"]
[White "Guzzetti, Luigi Enrico"]
[Black "Corti, Filippo"]
[Result "1-0"]
[WhiteElo "1923"]
[BlackElo "1657"]
[PlyCount "67"]
[EventDate "2012.11.01"]
[EventType "swiss"]
[EventRounds "6"]
[EventCountry "ITA"]
[SourceTitle "EXT 2014"]
[Source "ChessBase"]
[SourceDate "2013.11.20"]
[SourceVersion "1"]
[SourceVersionDate "2013.11.20"]
[SourceQuality "1"]

1. e4 c6 2. d4 d5 3. Nc3 dxe4 4. Nxe4 Bf5 5. Ng3 Bg6 6. Nf3 Nd7 7. Bd3 Bxd3 8. Qxd3 Qc7 9. 0-0 Ngf6 10. Re1 e6 11. c4 Bb4 12. Bd2 Bxd2 13. Qxd2 0-0 14. Rad1 Rad8 15. b4 a6 16. h3 h6 17. Qb2 b5 18. Rc1 Qa7 19. Ne5 Nxe5 20. dxe5 Nd7 21. c5 Qc7 22. Rcd1 f6 23. f4 fxe5 24. fxe5 Rf4 25. Rd6 Rdf8 26. Qb3 Rc4 27. Rxe6 Rff4 28. Rd6 Kh8 29. Qd3 Nf8 30. e6 Qe7 31. Nf5 Qf6 32. e7 Qxf5 33. Qxf5 Rxf5 34. e8Q 1-0

[Event "Villa Guardia Coppa D'Oro 29th"]
[Site "Villa Guardia"]
[Date "2011.10.31"]
[Round "3"]
[White "Carbone, Lorenzo"]
[Black "Corti, Filippo"]
[Result "1-0"]
[WhiteElo "1759"]
[BlackElo "1676"]
[PlyCount "85"]
[EventDate "2011.10.30"]
[EventType "swiss"]
[EventRounds "6"]
[EventCountry "ITA"]
[SourceTitle "EXT 2024"]
[Source "ChessBase"]
[SourceDate "2023.10.10"]
[SourceVersion "1"]
[SourceVersionDate "2023.10.10"]
[SourceQuality "1"]

1. e4 c6 2. c4 d6 3. Nf3 Nf6 4. Nc3 g6 5. Be2 Bg7 6. 0-0 0-0 7. d4 Bg4 8. h3 Bxf3 9. Bxf3 Nbd7 10. Be3 e5 11. Ne2 Re8 12. d5 c5 13. Rb1 Nb6 14. Qc2 Rc8 15. b3 Rf8 16. a4 Qd7 17. Bg5 h6 18. Bxf6 Bxf6 19. Bg4 Qe7 20. Bxc8 Nxc8 21. b4 cxb4 22. Rxb4 b6 23. Rb3 Bg7 24. Rg3 Qd7 25. Rb1 Ne7 26. Rf1 f5 27. exf5 gxf5 28. f4 Kh8 29. Qd1 Qc7 30. Qc2 Qc5+ 31. Kh1 Nxd5 32. Qd3 Nb4 33. Qb3 e4 34. Nc3 Rc8 35. Nb5 a6 36. Na3 Nd3 37. Rg6 Re8 38. Nc2 Kh7 39. Rg3 Rc8 40. Ne3 Bd4 41. Qd1 Bxe3 42. Qh5 Rc7 43. Qg6+ 1-0

[Event "Villa Guardia Coppa d'Oro 27th"]
[Site "Villa Guardia"]
[Date "2009.11.07"]
[Round "6"]
[White "Corti, Filippo"]
[Black "Cervini, Gian Piero"]
[Result "1-0"]
[WhiteElo "1708"]
[BlackElo "1767"]
[PlyCount "69"]
[EventDate "2009.10.09"]
[EventType "swiss"]
[EventRounds "8"]
[EventCountry "ITA"]
[SourceTitle "EXT 2024"]
[Source "ChessBase"]
[SourceDate "2023.10.10"]
[SourceVersion "1"]
[SourceVersionDate "2023.10.10"]
[SourceQuality "1"]

1. Nf3 Nf6 2. g3 g6 3. Bg2 Bg7 4. d4 0-0 5. 0-0 d6 6. c4 c6 7. Nc3 Nbd7 8. e4 e5 9. d5 Nc5 10. Qe2 cxd5 11. cxd5 Nh5 12. Be3 b6 13. Bxc5 bxc5 14. Nd2 a5 15. Nc4 Ba6 16. b3 f5 17. exf5 Rxf5 18. Bh3 Rg5 19. Be6+ Kh8 20. Ne4 Nf4 21. Qe3 Nxe6 22. dxe6 Rf5 23. Nexd6 Bxc4 24. Nxc4 Qe7 25. Rad1 a4 26. Nd6 Rf6 27. Nf7+ Kg8 28. Nxe5 Rxe6 29. f4 Bxe5 30. fxe5 Rxe5 31. Qd2 Re2 32. Qd5+ Kg7 33. Qxa8 Rxa2 34. Rde1 Qd7 35. Qf8# 1-0

[Event "Villa Guardia Coppa d'Oro 27th"]
[Site "Villa Guardia"]
[Date "2009.10.10"]
[Round "2"]
[White "Corti, Filippo"]
[Black "Ghelfi, Giancarlo"]
[Result "1-0"]
[WhiteElo "1708"]
[BlackElo "1682"]
[PlyCount "59"]
[EventDate "2009.10.09"]
[EventType "swiss"]
[EventRounds "8"]
[EventCountry "ITA"]
[SourceTitle "EXT 2024"]
[Source "ChessBase"]
[SourceDate "2023.10.10"]
[SourceVersion "1"]
[SourceVersionDate "2023.10.10"]
[SourceQuality "1"]

1. e4 d6 2. g3 g6 3. Bg2 Bg7 4. Nc3 Nf6 5. Nge2 Nbd7 6. 0-0 0-0 7. d3 Rb8 8. Be3 b6 9. h3 Bb7 10. f4 e6 11. Qd2 Ne8 12. f5 exf5 13. exf5 Bxg2 14. Kxg2 Nef6 15. Nd4 Qc8 16. Kh2 Qb7 17. Qg2 d5 18. Bg5 a6 19. fxg6 fxg6 20. Ne6 Rf7 21. Nxg7 Kxg7 22. Qd2 Ne5 23. Bxf6+ Rxf6 24. Rxf6 Kxf6 25. Qf4+ Kg7 26. Qxe5+ Kh6 27. Qf4+ Kg7 28. Qe5+ Kh6 29. Rf1 c6 30. Rf4 1-0

[Event "Villa Guardia Coppa d'Oro 27th"]
[Site "Villa Guardia"]
[Date "2009.10.09"]
[Round "1"]
[White "Colombo, Alberto E"]
[Black "Corti, Filippo"]
[Result "1-0"]
[WhiteElo "2080"]
[BlackElo "1708"]
[PlyCount "121"]
[EventDate "2009.10.09"]
[EventType "swiss"]
[EventRounds "8"]
[EventCountry "ITA"]
[SourceTitle "EXT 2024"]
[Source "ChessBase"]
[SourceDate "2023.10.10"]
[SourceVersion "1"]
[SourceVersionDate "2023.10.10"]
[SourceQuality "1"]

1. d4 Nf6 2. Nf3 g6 3. Bg5 Bg7 4. Nbd2 d5 5. e3 0-0 6. Bd3 Nbd7 7. h3 c5 8. c3 b6 9. 0-0 Bb7 10. Qb1 Rc8 11. Re1 cxd4 12. exd4 Re8 13. Qd1 Qc7 14. Ne5 Nxe5 15. dxe5 Nd7 16. f4 Nc5 17. Bb5 Red8 18. Nf3 Ne4 19. Bf1 Qc5+ 20. Qd4 Qxd4+ 21. Nxd4 Nxg5 22. fxg5 e6 23. Rad1 a6 24. a4 Bf8 25. Kh1 Bc5 26. g4 Bxd4 27. Rxd4 Rc5 28. Kh2 Rdc8 29. h4 b5 30. axb5 axb5 31. Ra1 Ra8 32. Rxa8+ Bxa8 33. Kg3 Bb7 34. Rb4 Ba6 35. Kf4 Kf8 36. Ke3 Ke7 37. Kd4 Rc7 38. b3 Rb7 39. Kc5 Rc7+ 40. Kb6 Rxc3 41. Kxa6 Re3 42. Rxb5 Rxe5 43. Rb7+ Kf8 44. Rb4 Re1 45. Bd3 e5 46. Kb6 e4 47. Ba6 e3 48. Rd4 Rb1 49. Rxd5 Rxb3+ 50. Kc5 Ra3 51. Bb5 Ra2 52. Re5 Rg2 53. Re4 Rc2+ 54. Kd4 Rh2 55. Kxe3 Rxh4 56. Kf4 h5 57. gxh6 Rxh6 58. Kg5 Rh2 59. Rf4 Rc2 60. Bc4 f5 61. Kxg6 1-0